[Event "EYCC 2024 - O16"]
[Site "?"]
[Date "2024.08.30"]
[Round "8.9"]
[White "Perossa, Nicolas"]
[Black "Smeets, Kobe"]
[Result "1-0"]
[BlackElo "2322"]
[WhiteElo "2187"]
[LiveChessVersion "1.4.8"]

1. e4 {[%clk 1:30:59]} e5 {[%clk 1:30:53]} 2. Nf3 {[%clk 1:31:24]} Nc6
{[%clk 1:31:15]} 3. Bc4 {[%clk 1:31:47]} Nf6 {[%clk 1:31:38]} 4. d3
{[%clk 1:32:13]} h6 {[%clk 1:31:59]} 5. O-O {[%clk 1:32:28]} d6 {[%clk 1:32:21]}
6. Re1 {[%clk 1:32:19]} g5 {[%clk 1:28:53]} 7. c3 {[%clk 1:26:00]} g4
{[%clk 1:29:13]} 8. Nh4 {[%clk 1:03:55]} Nxe4 9. dxe4 {[%clk 0:52:49]} Qxh4
{[%clk 1:29:15]} 10. Qb3 {[%clk 0:53:14]} Qe7 {[%clk 1:23:57]} 11. a4
{[%clk 0:52:59]} h5 {[%clk 1:22:03]} 12. Rf1 {[%clk 0:43:28]} h4 {[%clk 1:20:36]}
13. f4 {[%clk 0:33:26]} Bh6 {[%clk 1:18:46]} 14. Na3 {[%clk 0:30:16]} exf4
{[%clk 1:12:05]} 15. Bxf4 {[%clk 0:30:14]} Bxf4 {[%clk 1:12:16]} 16. Rxf4
{[%clk 0:30:40]} Ne5 {[%clk 1:11:01]} 17. Raf1 {[%clk 0:26:46]} Rh7
{[%clk 1:08:36]} 18. Nb5 {[%clk 0:21:51]} h3 {[%clk 1:05:53]} 19. g3
{[%clk 0:14:07]} a6 {[%clk 0:40:30]} 20. Nd4 {[%clk 0:12:42]} c5 {[%clk 0:40:37]}
21. Nf5 {[%clk 0:11:17]} Bxf5 {[%clk 0:40:58]} 22. exf5 {[%clk 0:10:19]} Nf3+
{[%clk 0:37:26]} 23. Kh1 {[%clk 0:09:28]} O-O-O {[%clk 0:37:31]} 24. Bd5
{[%clk 0:08:54]} Nd2 {[%clk 0:29:30]} 25. f6 {[%clk 0:09:04]} Qd7
{[%clk 0:26:44]} 26. Qc2 {[%clk 0:09:24]} Nxf1 {[%clk 0:27:03]} 27. Qxh7
{[%clk 0:09:33]} Ne3 {[%clk 0:26:09]} 28. Qxf7 {[%clk 0:05:42]} Nxd5
{[%clk 0:14:44]} 29. Qxd5 {[%clk 0:06:10]} Re8 {[%clk 0:15:05]} 30. Kg1
{[%clk 0:05:28]} Re1+ {[%clk 0:07:38]} 31. Kf2 {[%clk 0:05:30]} Qe8
{[%clk 0:07:26]} 32. Qd2 {[%clk 0:05:43]} Re6 {[%clk 0:03:27]} 33. f7
{[%clk 0:04:46]} Qf8 {[%clk 0:03:51]} 34. Qd3 {[%clk 0:04:06]} Re5
{[%clk 0:00:43]} 35. Qg6 {[%clk 0:03:54]} Kc7 {[%clk 0:01:04]} 36. Qxg4
{[%clk 0:04:11]} Kd8 {[%clk 0:00:35]} 37. Qg8 {[%clk 0:03:01]} Ke7
{[%clk 0:00:53]} 38. g4 {[%clk 0:03:24]} d5 {[%clk 0:00:33]} 39. g5
{[%clk 0:03:31]} d4 {[%clk 0:00:49]} 40. g6 {[%clk 0:03:32]} d3 {[%clk 0:00:43]}
41. Qxf8+ {[%clk 0:03:55]} Kxf8 {[%clk 0:01:05]} 42. g7+ {[%clk 0:04:21]} Kxg7
{[%clk 0:01:25]} 43. f8=Q+ {[%clk 0:04:44]} 1-0

[Event "EYCC 2024 - O16"]
[Site "?"]
[Date "2024.08.30"]
[Round "8.10"]
[White "Berin, Artem"]
[Black "Tabuenca Mendataurigoitia, Daniel"]
[Result "0-1"]
[BlackElo "2431"]
[WhiteElo "2237"]
[LiveChessVersion "1.4.8"]

1. d4 {[%clk 1:30:54]} Nf6 {[%clk 1:30:43]} 2. c4 {[%clk 1:31:14]} e6
{[%clk 1:31:05]} 3. Nc3 {[%clk 1:31:34]} Bb4 {[%clk 1:31:27]} 4. e3
{[%clk 1:31:56]} O-O {[%clk 1:31:48]} 5. Bd3 {[%clk 1:32:20]} d5 {[%clk 1:32:10]}
6. a3 {[%clk 1:32:39]} Bxc3+ {[%clk 1:32:35]} 7. bxc3 {[%clk 1:33:04]} c6
{[%clk 1:32:58]} 8. a4 {[%clk 1:29:26]} e5 {[%clk 1:33:02]} 9. cxd5
{[%clk 1:22:23]} e4 {[%clk 1:30:15]} 10. Bc2 {[%clk 1:14:16]} cxd5
{[%clk 1:27:56]} 11. Ne2 {[%clk 1:14:28]} b6 {[%clk 1:21:44]} 12. O-O
{[%clk 1:09:45]} Ba6 {[%clk 1:18:30]} 13. a5 {[%clk 1:07:58]} Qc7
{[%clk 1:13:57]} 14. axb6 {[%clk 1:02:50]} axb6 {[%clk 1:14:03]} 15. Bd2
{[%clk 1:03:10]} Nc6 {[%clk 1:09:46]} 16. f3 {[%clk 0:59:57]} exf3
{[%clk 1:04:59]} 17. gxf3 {[%clk 0:55:43]} Rfe8 {[%clk 1:04:13]} 18. Re1
{[%clk 0:51:49]} Bxe2 {[%clk 0:57:32]} 19. Qxe2 {[%clk 0:45:14]} Rxa1
{[%clk 0:56:31]} 20. Rxa1 {[%clk 0:45:36]} Nxd4 {[%clk 0:56:43]} 21. Bxh7+
{[%clk 0:45:59]} Nxh7 {[%clk 0:56:49]} 22. cxd4 {[%clk 0:46:23]} Qc2
{[%clk 0:52:23]} 23. Rc1 {[%clk 0:42:09]} Qf5 {[%clk 0:47:34]} 24. Kh1
{[%clk 0:41:21]} Ng5 {[%clk 0:34:55]} 25. Rf1 {[%clk 0:41:27]} Re6
{[%clk 0:28:10]} 26. f4 {[%clk 0:26:11]} Ne4 {[%clk 0:27:59]} 27. Be1
{[%clk 0:26:20]} Nd6 {[%clk 0:25:05]} 28. Rf3 {[%clk 0:22:08]} Qe4
{[%clk 0:23:06]} 29. Qg2 {[%clk 0:18:52]} Nf5 {[%clk 0:22:21]} 30. Rh3
{[%clk 0:16:49]} Qd3 {[%clk 0:19:54]} 31. e4 {[%clk 0:15:19]} Qb1
{[%clk 0:19:31]} 0-1

[Event "EYCC 2024 - O16"]
[Site "?"]
[Date "2024.08.30"]
[Round "8.11"]
[White "Kiladze, Luka"]
[Black "Kuhn, Clement"]
[Result "0-1"]
[BlackElo "2344"]
[WhiteElo "2193"]
[LiveChessVersion "1.4.8"]

1. d4 {[%clk 1:30:57]} Nf6 {[%clk 1:30:44]} 2. c4 {[%clk 1:31:23]} e6
{[%clk 1:30:51]} 3. Nf3 {[%clk 1:31:41]} Bb4+ {[%clk 1:31:15]} 4. Nbd2
{[%clk 1:30:31]} O-O {[%clk 1:31:08]} 5. a3 {[%clk 1:30:57]} Be7 {[%clk 1:31:33]}
6. e4 {[%clk 1:30:56]} d6 {[%clk 1:31:57]} 7. g3 {[%clk 1:24:20]} e5
{[%clk 1:26:23]} 8. Bg2 {[%clk 1:21:39]} Bg4 {[%clk 1:18:31]} 9. Qc2
{[%clk 1:16:21]} Nfd7 {[%clk 1:10:02]} 10. d5 {[%clk 1:01:27]} a5
{[%clk 1:06:12]} 11. b3 {[%clk 1:00:50]} Nc5 {[%clk 1:01:45]} 12. h3
{[%clk 0:57:05]} Bd7 {[%clk 0:57:21]} 13. Bb2 {[%clk 0:51:06]} Nba6
{[%clk 0:55:16]} 14. O-O {[%clk 0:47:29]} f5 {[%clk 0:53:50]} 15. Kh2
{[%clk 0:43:47]} Qe8 {[%clk 0:50:06]} 16. Bc3 {[%clk 0:35:16]} fxe4
{[%clk 0:40:40]} 17. Ng1 {[%clk 0:30:56]} Bf5 {[%clk 0:31:14]} 18. Nxe4
{[%clk 0:29:56]} Nxe4 {[%clk 0:26:07]} 19. Bxe4 {[%clk 0:30:20]} Bxe4
{[%clk 0:25:50]} 20. Qxe4 {[%clk 0:30:47]} Nc5 {[%clk 0:26:00]} 21. Qc2
{[%clk 0:31:08]} b6 {[%clk 0:20:40]} 22. b4 {[%clk 0:29:25]} Qa4 {[%clk 0:18:44]}
23. Qb2 {[%clk 0:17:04]} Ne4 {[%clk 0:16:57]} 24. Rae1 {[%clk 0:16:07]} Nxc3
{[%clk 0:16:17]} 25. Qxc3 {[%clk 0:16:35]} axb4 {[%clk 0:16:43]} 26. axb4
{[%clk 0:17:01]} Qa3 {[%clk 0:17:00]} 27. Re3 {[%clk 0:13:27]} Qxc3
{[%clk 0:14:16]} 28. Rxc3 {[%clk 0:13:56]} Ra2 {[%clk 0:13:54]} 29. Kg2
{[%clk 0:14:25]} Bf6 {[%clk 0:13:13]} 30. Rfc1 {[%clk 0:13:56]} Rfa8
{[%clk 0:07:52]} 31. h4 {[%clk 0:11:09]} Rb2 {[%clk 0:07:21]} 32. b5
{[%clk 0:09:47]} Raa2 {[%clk 0:07:50]} 33. Nh3 {[%clk 0:10:17]} Re2
{[%clk 0:07:58]} 34. Kf1 {[%clk 0:08:43]} e4 {[%clk 0:07:35]} 35. Ra3
{[%clk 0:06:45]} Rxf2+ {[%clk 0:07:09]} 36. Nxf2 {[%clk 0:07:14]} Rxa3
{[%clk 0:07:35]} 37. Nxe4 {[%clk 0:07:34]} Be5 {[%clk 0:07:58]} 38. Kf2
{[%clk 0:07:45]} h6 {[%clk 0:07:17]} 39. h5 {[%clk 0:06:06]} Bd4+
{[%clk 0:07:43]} 40. Kf1 {[%clk 0:04:24]} Rf3+ {[%clk 0:08:08]} 41. Kg2
{[%clk 0:04:48]} Re3 {[%clk 0:08:34]} 42. Nf2 {[%clk 0:05:09]} Re2
{[%clk 0:08:49]} 43. Rf1 {[%clk 0:05:37]} Rc2 {[%clk 0:09:01]} 44. Kf3
{[%clk 0:05:39]} Bxf2 {[%clk 0:05:51]} 45. Rxf2 {[%clk 0:06:03]} Rxc4
{[%clk 0:06:19]} 46. Ra2 {[%clk 0:05:49]} Rd4 {[%clk 0:05:11]} 47. Ra8+
{[%clk 0:05:43]} Kh7 {[%clk 0:05:28]} 48. Rc8 {[%clk 0:05:49]} Rxd5
{[%clk 0:05:54]} 49. Rxc7 {[%clk 0:05:20]} Rxh5 {[%clk 0:06:19]} 50. Rc6
{[%clk 0:05:47]} Rxb5 {[%clk 0:06:44]} 51. Rxd6 {[%clk 0:06:15]} h5
{[%clk 0:06:16]} 52. Rc6 {[%clk 0:06:36]} g6 {[%clk 0:06:15]} 53. Kg2
{[%clk 0:06:47]} Kh6 {[%clk 0:06:40]} 54. Kh3 {[%clk 0:07:11]} Rb3
{[%clk 0:07:03]} 55. Rd6 {[%clk 0:07:27]} b5 {[%clk 0:06:01]} 56. Rd5
{[%clk 0:07:50]} Rb1 {[%clk 0:06:04]} 57. Rc5 {[%clk 0:08:14]} b4
{[%clk 0:06:29]} 58. Rb5 {[%clk 0:08:41]} b3 {[%clk 0:06:56]} 59. Kg2
{[%clk 0:09:03]} Kg7 {[%clk 0:06:47]} 60. Rb6 {[%clk 0:09:28]} Kf7
{[%clk 0:06:22]} 61. Kh2 {[%clk 0:09:40]} g5 {[%clk 0:05:36]} 62. Kg2
{[%clk 0:10:05]} g4 {[%clk 0:05:45]} 63. Kh2 {[%clk 0:10:22]} Ke7
{[%clk 0:06:10]} 64. Kg2 {[%clk 0:09:50]} Kd7 {[%clk 0:06:18]} 65. Kf2
{[%clk 0:10:14]} Kc7 {[%clk 0:06:43]} 66. Rb5 {[%clk 0:10:39]} Kc6
{[%clk 0:06:44]} 67. Rxh5 {[%clk 0:11:03]} b2 {[%clk 0:07:06]} 68. Rh6+
{[%clk 0:11:31]} Kc5 {[%clk 0:07:30]} 69. Rh5+ {[%clk 0:11:44]} Kc4
{[%clk 0:07:46]} 70. Rh8 {[%clk 0:12:05]} Rf1+ {[%clk 0:08:05]} 0-1

[Event "EYCC 2024 - O16"]
[Site "?"]
[Date "2024.08.30"]
[Round "8.12"]
[White "Kozlovic, Jernej"]
[Black "Trevisiol, Antoine"]
[Result "1/2-1/2"]
[BlackElo "2177"]
[WhiteElo "2334"]
[LiveChessVersion "1.4.8"]

1. e4 {[%clk 1:30:57]} e5 {[%clk 1:30:48]} 2. Nf3 {[%clk 1:30:46]} Nc6
{[%clk 1:31:04]} 3. Bb5 {[%clk 1:31:05]} a6 {[%clk 1:31:24]} 4. Ba4
{[%clk 1:31:24]} Nf6 {[%clk 1:31:35]} 5. O-O {[%clk 1:31:43]} b5 {[%clk 1:31:51]}
6. Bb3 {[%clk 1:32:03]} Bc5 {[%clk 1:32:06]} 7. a4 {[%clk 1:32:10]} Rb8
{[%clk 1:32:21]} 8. axb5 {[%clk 1:32:16]} axb5 {[%clk 1:32:35]} 9. Nxe5
{[%clk 1:32:39]} Nxe5 {[%clk 1:32:52]} 10. d4 {[%clk 1:32:58]} Bxd4
{[%clk 1:33:07]} 11. Qxd4 {[%clk 1:33:25]} d6 {[%clk 1:33:18]} 12. f4
{[%clk 1:33:48]} Nc6 {[%clk 1:32:38]} 13. Qd3 {[%clk 1:34:09]} O-O
{[%clk 1:31:47]} 14. Nc3 {[%clk 1:34:31]} Re8 {[%clk 1:24:15]} 15. e5
{[%clk 1:07:25]} dxe5 {[%clk 1:17:40]} 16. Qxd8 {[%clk 1:07:45]} Nxd8
{[%clk 1:17:37]} 17. fxe5 {[%clk 1:06:55]} Rxe5 {[%clk 1:12:34]} 18. Bf4
{[%clk 1:05:39]} Rc5 {[%clk 1:10:30]} 19. Be3 {[%clk 1:02:01]} Rh5
{[%clk 0:58:55]} 20. Bd4 {[%clk 0:51:13]} Bb7 {[%clk 0:34:44]} 21. Bxf6
{[%clk 0:49:16]} gxf6 {[%clk 0:34:36]} 22. Rxf6 {[%clk 0:46:29]} Rg5
{[%clk 0:33:49]} 23. g3 {[%clk 0:46:12]} b4 {[%clk 0:31:37]} 24. Ne2
{[%clk 0:44:12]} Bd5 {[%clk 0:27:53]} 25. Ra5 {[%clk 0:37:54]} c6
{[%clk 0:22:00]} 26. Bxd5 {[%clk 0:36:54]} Kg7 {[%clk 0:18:40]} 27. Rf4
{[%clk 0:33:28]} Rxd5 {[%clk 0:17:29]} 28. Rxd5 {[%clk 0:33:29]} cxd5
{[%clk 0:17:54]} 29. Rd4 {[%clk 0:33:07]} Rc8 {[%clk 0:12:01]} 30. c3
{[%clk 0:33:24]} bxc3 {[%clk 0:11:23]} 31. Nxc3 {[%clk 0:33:51]} Ne6
{[%clk 0:10:01]} 32. Rxd5 {[%clk 0:34:18]} Rb8 {[%clk 0:10:02]} 33. Rb5
{[%clk 0:26:57]} Rd8 {[%clk 0:09:24]} 34. Rd5 {[%clk 0:26:16]} Rb8
{[%clk 0:09:43]} 35. Rd2 {[%clk 0:26:14]} Nc5 {[%clk 0:09:48]} 36. Kg2
{[%clk 0:23:20]} Rb3 {[%clk 0:08:06]} 37. Kf1 {[%clk 0:20:31]} Rb4
{[%clk 0:03:39]} 38. Nd5 {[%clk 0:14:12]} Rb3 {[%clk 0:02:51]} 39. Nc3
{[%clk 0:14:21]} Rb4 {[%clk 0:03:16]} 40. Ke2 {[%clk 0:11:22]} Nb3
{[%clk 0:03:37]} 41. Rd1 {[%clk 0:08:31]} Nd4+ {[%clk 0:02:18]} 42. Kd3
{[%clk 0:08:46]} Nf3 {[%clk 0:02:07]} 43. Rb1 {[%clk 0:09:15]} Nxh2
{[%clk 0:02:03]} 44. Nd5 {[%clk 0:09:34]} Rb3+ {[%clk 0:01:14]} 45. Kc4
{[%clk 0:09:48]} Rxg3 {[%clk 0:01:27]} 46. b4 {[%clk 0:10:09]} Nf3
{[%clk 0:01:35]} 47. Kc5 {[%clk 0:10:10]} Nd2 {[%clk 0:01:07]} 48. Rb2
{[%clk 0:10:17]} Ne4+ {[%clk 0:01:16]} 49. Kc6 {[%clk 0:07:55]} Rg6+
{[%clk 0:00:55]} 50. Kc7 {[%clk 0:08:24]} Nd6 {[%clk 0:01:12]} 51. Nc3
{[%clk 0:07:22]} Nc4 {[%clk 0:01:06]} 52. Rh2 {[%clk 0:06:49]} Rg3
{[%clk 0:01:02]} 53. Nd5 {[%clk 0:06:25]} Rg5 {[%clk 0:00:36]} 54. Kc6
{[%clk 0:06:04]} Ne5+ {[%clk 0:00:54]} 55. Kd6 {[%clk 0:06:04]} Nc4+
{[%clk 0:00:54]} 56. Kc6 {[%clk 0:05:40]} Ne5+ {[%clk 0:01:18]} 57. Kc7
{[%clk 0:04:33]} Nd3 {[%clk 0:01:34]} 58. Kd6 {[%clk 0:04:29]} Rg6+
{[%clk 0:01:27]} 59. Kd7 {[%clk 0:02:22]} Rg5 {[%clk 0:01:47]} 60. Kc6 1/2-1/2

[Event "EYCC 2024 - O16"]
[Site "?"]
[Date "2024.08.30"]
[Round "8.13"]
[White "Ramaj, Ergit"]
[Black "Podolskyi, Mykhailo"]
[Result "1/2-1/2"]
[BlackElo "2329"]
[WhiteElo "2181"]
[LiveChessVersion "1.4.8"]

1. e4 {[%clk 1:30:55]} c5 {[%clk 1:30:50]} 2. Nf3 {[%clk 1:31:10]} e6
{[%clk 1:31:13]} 3. d4 {[%clk 1:31:13]} cxd4 {[%clk 1:31:35]} 4. Nxd4
{[%clk 1:31:37]} a6 {[%clk 1:32:00]} 5. Nc3 {[%clk 1:31:14]} b5 {[%clk 1:32:19]}
6. Bd3 {[%clk 1:30:10]} Bb7 {[%clk 1:32:37]} 7. O-O {[%clk 1:29:34]} Nc6
{[%clk 1:33:02]} 8. Nxc6 {[%clk 1:28:55]} Bxc6 {[%clk 1:33:30]} 9. Qe2
{[%clk 1:27:15]} Qb8 {[%clk 1:31:32]} 10. a4 {[%clk 1:26:14]} bxa4
{[%clk 1:26:52]} 11. Nxa4 {[%clk 1:14:16]} Nf6 {[%clk 1:05:47]} 12. Nc3
{[%clk 1:04:50]} Bd6 {[%clk 0:57:01]} 13. f4 {[%clk 1:00:08]} O-O
{[%clk 0:56:09]} 14. e5 {[%clk 0:56:05]} Bc5+ {[%clk 0:54:42]} 15. Kh1
{[%clk 0:56:11]} Nd5 {[%clk 0:54:34]} 16. Ne4 {[%clk 0:47:30]} Be7
{[%clk 0:53:37]} 17. Qh5 {[%clk 0:40:01]} g6 {[%clk 0:38:29]} 18. Qh6
{[%clk 0:38:01]} f5 {[%clk 0:36:13]} 19. exf6 {[%clk 0:36:30]} Bxf6
{[%clk 0:35:43]} 20. Nxf6+ {[%clk 0:30:44]} Rxf6 {[%clk 0:36:06]} 21. b3
{[%clk 0:28:14]} Qf8 {[%clk 0:30:20]} 22. Qg5 {[%clk 0:27:12]} Rf7
{[%clk 0:29:27]} 23. Bb2 {[%clk 0:12:10]} Qe7 {[%clk 0:28:59]} 24. Qe5
{[%clk 0:07:28]} Qf6 {[%clk 0:28:35]} 25. Qxf6 {[%clk 0:04:53]} Nxf6
{[%clk 0:29:04]} 26. Bxf6 {[%clk 0:03:04]} Rxf6 {[%clk 0:29:31]} 27. Kg1
{[%clk 0:02:52]} a5 1/2-1/2

[Event "EYCC 2024 - O16"]
[Site "?"]
[Date "2024.08.30"]
[Round "8.14"]
[White "Medhus, Vitus Bondo"]
[Black "Arnold, Rhys"]
[Result "1/2-1/2"]
[BlackElo "2171"]
[WhiteElo "2310"]
[LiveChessVersion "1.4.8"]

1. e4 {[%clk 1:30:57]} e5 {[%clk 1:30:18]} 2. Nf3 {[%clk 1:31:21]} Nc6
{[%clk 1:30:45]} 3. Bb5 {[%clk 1:31:45]} a6 {[%clk 1:31:12]} 4. Ba4
{[%clk 1:32:06]} Nf6 {[%clk 1:31:38]} 5. O-O {[%clk 1:32:26]} Be7
{[%clk 1:31:59]} 6. Re1 {[%clk 1:32:51]} b5 {[%clk 1:32:25]} 7. Bb3
{[%clk 1:33:14]} d6 {[%clk 1:32:52]} 8. h3 {[%clk 1:33:36]} Na5 {[%clk 1:31:57]}
9. Nc3 {[%clk 1:26:45]} O-O {[%clk 1:26:28]} 10. d3 {[%clk 1:22:53]} h6
{[%clk 1:25:00]} 11. Be3 {[%clk 1:20:13]} Bb7 {[%clk 1:15:47]} 12. Qd2
{[%clk 1:09:20]} Nxb3 {[%clk 1:11:06]} 13. axb3 {[%clk 1:09:47]} Nd7
{[%clk 1:04:59]} 14. Bxh6 {[%clk 0:49:21]} gxh6 {[%clk 0:54:53]} 15. Qxh6
{[%clk 0:49:49]} Bf6 {[%clk 0:49:42]} 16. Qh5 {[%clk 0:41:59]} Re8
{[%clk 0:44:09]} 17. Re3 {[%clk 0:35:40]} Nf8 {[%clk 0:43:04]} 18. Nh2
{[%clk 0:33:24]} Ng6 {[%clk 0:40:46]} 19. Rg3 {[%clk 0:31:25]} Kg7
{[%clk 0:37:58]} 20. Qf3 {[%clk 0:29:11]} Bh4 {[%clk 0:36:29]} 21. Ng4
{[%clk 0:22:15]} Bc8 {[%clk 0:26:53]} 22. Ne3 {[%clk 0:20:19]} Bxg3
{[%clk 0:21:39]} 23. fxg3 {[%clk 0:20:46]} c6 {[%clk 0:15:59]} 24. Rf1
{[%clk 0:19:56]} Ra7 {[%clk 0:14:20]} 25. Nf5+ {[%clk 0:19:13]} Bxf5
{[%clk 0:07:41]} 26. exf5 {[%clk 0:19:41]} Rh8 {[%clk 0:07:40]} 27. fxg6
{[%clk 0:19:39]} fxg6 {[%clk 0:07:54]} 28. Qxc6 {[%clk 0:19:11]} Qd7
{[%clk 0:07:38]} 29. Qf3 {[%clk 0:19:13]} Qe7 {[%clk 0:05:37]} 30. Qe3
{[%clk 0:17:39]} Raa8 {[%clk 0:04:51]} 31. Kh2 {[%clk 0:16:50]} Rhf8
{[%clk 0:04:10]} 32. Re1 {[%clk 0:17:18]} Rae8 {[%clk 0:03:32]} 33. Qb6
{[%clk 0:16:43]} Qf6 {[%clk 0:02:24]} 34. Qxa6 {[%clk 0:13:59]} Qf2
{[%clk 0:01:57]} 35. Re2 {[%clk 0:13:17]} Qf1 {[%clk 0:02:21]} 36. Qa7+
{[%clk 0:11:07]} Rf7 {[%clk 0:02:09]} 37. Qe3 {[%clk 0:11:32]} Ra8
{[%clk 0:01:35]} 38. Re1 {[%clk 0:11:42]} Qf2 {[%clk 0:01:37]} 39. Qe4
{[%clk 0:12:00]} Raf8 {[%clk 0:01:17]} 40. Re2 {[%clk 0:11:39]} Qf1
{[%clk 0:01:09]} 41. Nxb5 {[%clk 0:11:27]} Rf6 {[%clk 0:00:41]} 42. c4
{[%clk 0:10:55]} Qc1 {[%clk 0:00:58]} 43. Qe3 {[%clk 0:10:45]} Qa1
{[%clk 0:00:40]} 44. Qa7+ {[%clk 0:11:03]} Qxa7 {[%clk 0:01:03]} 45. Nxa7
{[%clk 0:11:29]} Rf2 {[%clk 0:01:11]} 46. Re3 {[%clk 0:04:27]} Rxb2
{[%clk 0:01:37]} 47. Nb5 {[%clk 0:03:13]} Rff2 {[%clk 0:01:28]} 48. h4
{[%clk 0:03:39]} Rxg2+ {[%clk 0:01:27]} 49. Kh3 {[%clk 0:04:08]} Rgd2
{[%clk 0:00:45]} 50. Nxd6 {[%clk 0:03:42]} Rxb3 {[%clk 0:01:07]} 51. Rxe5
{[%clk 0:04:02]} Rdxd3 {[%clk 0:01:17]} 52. Ne4 {[%clk 0:04:30]} Re3
{[%clk 0:01:15]} 53. Kg4 {[%clk 0:04:33]} Re1 {[%clk 0:01:10]} 54. c5
{[%clk 0:03:34]} Rb4 {[%clk 0:01:25]} 55. Kf3 {[%clk 0:03:45]} Rf1+
{[%clk 0:01:34]} 56. Ke3 {[%clk 0:03:43]} Rc1 {[%clk 0:01:30]} 57. Re7+
{[%clk 0:03:25]} Kf8 {[%clk 0:01:44]} 58. Re6 {[%clk 0:03:35]} Kg7
{[%clk 0:02:00]} 59. Re5 {[%clk 0:03:10]} Rbc4 {[%clk 0:01:55]} 60. Kd3
{[%clk 0:03:14]} Ra4 {[%clk 0:02:00]} 61. Kd2 {[%clk 0:02:02]} Rxe4
{[%clk 0:01:57]} 62. Rxe4 {[%clk 0:02:27]} Rxc5 {[%clk 0:02:25]} 63. Ke3
{[%clk 0:02:46]} Kf6 {[%clk 0:02:45]} 64. Kf4 {[%clk 0:03:12]} Ra5
{[%clk 0:03:09]} 65. Rb4 {[%clk 0:03:33]} Ra6 {[%clk 0:03:18]} 66. g4
{[%clk 0:03:53]} g5+ {[%clk 0:03:17]} 67. hxg5+ {[%clk 0:04:06]} Kg6
{[%clk 0:03:44]} 68. Rc4 {[%clk 0:03:26]} Rb6 {[%clk 0:04:03]} 69. Ra4
{[%clk 0:03:49]} Rc6 {[%clk 0:03:55]} 70. Rd4 {[%clk 0:03:30]} Ra6
{[%clk 0:04:09]} 71. Rb4 {[%clk 0:03:26]} Rc6 {[%clk 0:04:34]} 72. Rb5
{[%clk 0:03:43]} Rc1 {[%clk 0:03:02]} 73. Rb6+ {[%clk 0:03:59]} Kg7
{[%clk 0:03:28]} 74. g6 {[%clk 0:04:12]} Rc5 {[%clk 0:03:16]} 75. Ra6
{[%clk 0:03:21]} Rb5 {[%clk 0:03:41]} 76. Re6 {[%clk 0:02:49]} Ra5
{[%clk 0:03:46]} 77. Rb6 {[%clk 0:03:13]} Rc5 {[%clk 0:04:12]} 78. Ra6
{[%clk 0:01:27]} Rb5 {[%clk 0:04:32]} 79. g5 {[%clk 0:01:44]} Rb1
{[%clk 0:04:41]} 80. Ra4 {[%clk 0:01:16]} Kxg6 {[%clk 0:04:50]} 81. Ra6+
{[%clk 0:01:39]} Kg7 {[%clk 0:05:16]} 82. Ra5 {[%clk 0:01:38]} Kg6
{[%clk 0:05:36]} 83. Ra6+ {[%clk 0:01:49]} Kg7 {[%clk 0:06:01]} 84. Ra2
{[%clk 0:01:48]} Kg6 {[%clk 0:06:22]} 85. Rg2 {[%clk 0:01:49]} Rb4+
{[%clk 0:06:44]} 86. Kf3 {[%clk 0:02:11]} Rb5 {[%clk 0:07:10]} 87. Kg4
{[%clk 0:02:09]} Rxg5+ {[%clk 0:07:32]} 88. Kh3 {[%clk 0:02:36]} Rxg2
{[%clk 0:07:58]} 89. Kxg2 {[%clk 0:03:00]} 1/2-1/2